Strategic Compensation Management and Design (Record no. 43610)

MARC details
000 -LEADER
fixed length control field 00492nam a22001817a 4500
005 - DATE AND TIME OF LATEST TRANSACTION
control field 20250416144850.0
008 - FIXED-LENGTH DATA ELEMENTS--GENERAL INFORMATION
fixed length control field 250410b |||||||| |||| 00| 0 eng d
020 ## - INTERNATIONAL STANDARD BOOK NUMBER
International Standard Book Number 9789389867442
041 ## - LANGUAGE CODE
Language code of text/sound track or separate title eng
082 ## - DEWEY DECIMAL CLASSIFICATION NUMBER
Classification number 658.32 SAH
100 ## - MAIN ENTRY--PERSONAL NAME
Author Sahni, Sanjeev P.
245 ## - TITLE STATEMENT
Title Strategic Compensation Management and Design
260 ## - PUBLICATION, DISTRIBUTION, ETC.
Place New Delhi
Publisher Bloomsbury Prime
Publication Year 2022
300 ## - PHYSICAL DESCRIPTION
Extent 174;. pages 23 cm
650 ## - SUBJECT ADDED ENTRY--TOPICAL TERM
Subject Compensation management.
700 ## - ADDED ENTRY--PERSONAL NAME
Co-Author Sehgal, Jeevan Deep
942 ## - ADDED ENTRY ELEMENTS (KOHA)
Koha item type Books
Holdings
Withdrawn status Lost status Source of classification or shelving scheme Damaged status Not for loan Home library Current library Shelving location Accession Date Vendor Price Bill number Full call number Barcode No Date last seen Discount Bill Date Koha item type Suggested By
    Dewey Decimal Classification     IMTN IMTN Rack 27-A 03/28/2025 Raghav Books Private Limited 499.00 2374 658.32 SAH 33863 04/10/2025 30 02/14/2025 Books Dr. Mantha Raghu (Head Librarian)
Designed & Maintained by: LRC IMT Nagpur Contact: lrc@imtnag.ac.in© 2024. All Rights Reserved.